|
|
|
|
| LEADER |
00000nab a2200000 a 4500 |
| 001 |
vtls000916830 |
| 003 |
SK-MaSNL |
| 005 |
20260305010302.0 |
| 008 |
140423e19920919xo 0 slo |
| 035 |
|
|
|a KE25710
|
| 040 |
|
|
|a KEVKJB
|b slo
|c KEVKJB
|e AACR2
|
| 041 |
0 |
|
|a slo
|
| 044 |
|
|
|a xo
|c SK
|
| 080 |
|
|
|a 7.097
|2 1981
|
| 100 |
1 |
|
|a Kastlová, Dagmar
|4 aut
|9 1585551
|
| 245 |
1 |
0 |
|a Televízne Košice na dne
|
| 610 |
2 |
7 |
|a Slovenská televízia.
|b Televízne štúdio Košice
|2 KEVKJB
|9 31266
|
| 611 |
1 |
7 |
|a Veď nehorí! (program zábavny)
|2 KEVKJB
|9 1585552
|
| 650 |
0 |
7 |
|a Správny klúč (televízna relácia)
|2 KEVKJB
|9 51494
|
| 650 |
0 |
7 |
|a hodnotenie kritické
|2 KEVKJB
|9 883285
|
| 773 |
0 |
8 |
|t Literárny týždenník
|g Roč. 5, č.39, 19.9.1992, s. 4
|x 0862-5999
|
| 852 |
|
|
|a ZVYKNI
|b KIS3GCP
|
| 999 |
|
|
|c 3245813
|d 3247743
|